00688nam a22001457a 4500008004100000040005500041080002600096245016100122260005200283300001000335650001200345942001300357999001700370952015500387230322b |||||||| |||| 00| 0 eng d aNational Science LibrarycNational Science Library aD 681.3.02(082.2)bP8 aSoft computing techniques for industrials automationc/ Department of Electrical and Electronics Engineering CSIR Sponsored seminar 15th-16th February, 2008 aPerundurai: bKongu Engineering College, c2008 a134p. aSeminar 2udccSEM c12842d12842 00102udc406D_6813020822_P870919155aNSLbNSLcGF/Rk-3/C-22/R-1d2008-04-29l0oD 681.3.02(082.2) P8p250145r2023-03-22 00:00:00w2023-03-22ySEM